000
00325nam a22001217a 4500
008
180607b xxu||||| |||| 00| 0 eng d
041
_a
eng
080
_a
043.3
100
_a
0
101
_a
ARK-BTH
245
_a
Rizbulimi i lagjeve perfiferike në Kosovë" Lagje e banimit individual, Bernicë
_c
Haziraj,E
942
_2
udc
_c
BK
999
_c
46595
_d
46595